00700 a2200169 4500003000500000005001700005010001600022020001700038040000900055082001500064100001700079245006200096260004700158300002800205505027900233650001800512Nust20221227130945.0 a 86214634 a0500013772 : cNust00a355.02,ANJ1 a Anjum .M. H10aStrong points with famous Battles / cMaj M.H. Anjum Aec a Rawalpindib Army Education Presscc1985. a598:p :bill. ;c23 cm. aIntroduction to Fortifications (Page-1), Ancient and Mediaeval Fortifications (Page-32), Field Fortifications (Page-49), Development of For tifications of world War II (Page-49), Development of Fortifications in Pakistan (Page-70) Fortfication in the Limited Wars (Page-84). aStrong points